Modern root canal irrigation protocols (Запись № 13647386)
[ простой вид ]
| 000 -МАРКЕР | |
|---|---|
| контрольное поле | 02243nam0a2200361 4500 |
| 001 - ИДЕНТИФИКАТОР ЗАПИСИ | |
| контрольное поле | RU\NLR\BIBL_A\022741968 |
| 005 - ИДЕНТИФИКАТОР ВЕРСИИ | |
| контрольное поле | 20260409001635.0 |
| 010 ## - МЕЖДУНАРОДНЫЙ СТАНДАРТНЫЙ НОМЕР КНИГИ (ISBN) | |
| Номер (ISBN) | 978-5-88458-761-8 |
| Тираж | 150 |
| 035 ## - ДРУГИЕ СИСТЕМНЫЕ НОМЕРА | |
| Идентификатор записи | (NLR Aleph) 022741968 |
| 100 ## - ДАННЫЕ ОБЩЕЙ ОБРАБОТКИ | |
| Данные общей обработки | 20260303d2025 k y0rusy50 ca |
| 101 0# - ЯЗЫК РЕСУРСА | |
| Язык текста, звукозаписи и т.д. | английский |
| 102 ## - СТРАНА ПУБЛИКАЦИИ ИЛИ ПРОИЗВОДСТВА | |
| Страна публикации | российская федерация |
| 105 ## - ПОЛЕ КОДИРОВАННЫХ ДАННЫХ: ТЕКСТОВЫЕ МАТЕРИАЛЫ, МОНОГРАФИЧЕСКИЕ | |
| Кодированные данные о монографическом текстовом документе | a j 000yy |
| 181 #0 - ПОЛЕ КОДИРОВАННЫХ ДАННЫХ: ВИД СОДЕРЖАНИЯ | |
| Код вида содержания (ISBD) | i3 |
| Код характеристики содержания (ISBD) | axxe |
| 182 #0 - ПОЛЕ КОДИРОВАННЫХ ДАННЫХ: ТИП СРЕДСТВА | |
| Код типа средства (ISBD) | n - непосредственное |
| 200 1# - ЗАГЛАВИЕ И СВЕДЕНИЯ ОБ ОТВЕТСТВЕННОСТИ | |
| Основное заглавие | Modern root canal irrigation protocols |
| Сведения, относящиеся к заглавию | the educational and methodological manual |
| Первые сведения об ответственности | Kopetsky I. S., Dr. med. sci., Prof., Avraamova O. G., Dr. med. sci., Prof., Pogabalo I. V., Dr. med. sci., Prof. [et al.] |
| Последующие сведения об ответственности | Federal state autonomus educational institution of higher education "N. I. Pirogov Russian national research medical university" of the Ministry of health of the Russian Federation, Department of therapeutic dentistry, Faculty of dentistry |
| 203 ## - ВИД СОДЕРЖАНИЯ И ТИП СРЕДСТВА | |
| Вид содержания | Текст |
| Дополнительные сведения об издании | визуальный |
| Тип средства | непосредственный |
| 210 ## - ПУБЛИКАЦИЯ, РАСПРОСТРАНЕНИЕ И ДР. | |
| Место издания, распространения и т.д. | Moscow |
| Имя издателя, распространителя и т. д. | FSAEI HE N. I. Pirogov RNRMU of MOH of Russia (Pirogov university) |
| Дата издания, распространения и т.д. | 2025 |
| 215 ## - ФИЗИЧЕСКАЯ ХАРАКТЕРИСТИКА | |
| Специфическое обозначение материала и объем | 43 с. |
| Другие сведения о физической характеристике | ил., цв. ил. |
| Размеры | 21 |
| 300 ## - ОБЩИЕ ПРИМЕЧАНИЯ | |
| Текст примечания | В вып. дан.: Современные протоколы ирригации корневых каналов: учебно-методическое пособие / Копецкий Игорь Сергеевич, Авраамова Ольга Георгиевна, Погабало Ирина Владимировна [и др.] |
| 320 ## - ПРИМЕЧАНИЯ О НАЛИЧИИ В ДОКУМЕНТЕ БИБЛИОГРАФИИ / УКАЗАТЕЛЯ | |
| Текст примечания | "Further reading": с. 42-43 |
| 517 1# - ДРУГИЕ ВАРИАНТЫ ЗАГЛАВИЯ | |
| Вариант заглавия | Современные протоколы ирригации корневых каналов |
| Сведения, относящиеся к заглавию | учебно-методическое пособие |
| 606 1# - НАИМЕНОВАНИЕ ТЕМЫ КАК ПРЕДМЕТ | |
| Наименование темы | Корневые каналы зубов |
| Формальный подзаголовок | Учебно-методические пособия для высших учебных заведений |
| Тематический подзаголовок | Обработка |
| Системный номер авторитетной/нормативной записи | 1150837 |
| Идентификатор авторитетной/нормативной записи | RU\NLR\AUTH\66459273 |
| 686 1# - ИНДЕКСЫ ДРУГИХ КЛАССИФИКАЦИЙ | |
| Индекс | Р661.21-52я73 |
| 701 #1 - ИМЯ ЛИЦА - АЛЬТЕРНАТИВНАЯ ОТВЕТСТВЕННОСТЬ | |
| Графика поля | Латинская |
| Материалы, к которым относится поле | rus |
| Начальный элемент ввода | Kopeckij |
| Часть имени, кроме начального элемента ввода | I. S. |
| Расширение инициалов личного имени | Igor' Sergeevič |
| Системный номер авторитетной/нормативной записи | 2702368 |
| Идентификатор авторитетной/нормативной записи | RU\NLR\AUTH\770291536 |
| 701 #1 - ИМЯ ЛИЦА - АЛЬТЕРНАТИВНАЯ ОТВЕТСТВЕННОСТЬ | |
| Начальный элемент ввода | Avraamova |
| Часть имени, кроме начального элемента ввода | O. G. |
| Расширение инициалов личного имени | Ol'ga Georgievna |
| 701 #1 - ИМЯ ЛИЦА - АЛЬТЕРНАТИВНАЯ ОТВЕТСТВЕННОСТЬ | |
| Начальный элемент ввода | Pogabalo |
| Часть имени, кроме начального элемента ввода | I. V. |
| Расширение инициалов личного имени | Irina Vladimirovna |
| 942 ## - ДОПОЛНИТЕЛЬНЫЕ ЭЛЕМЕНТЫ ЗАПИСИ (АБИС) | |
| Тип экземпляра АБИС | Книга |
| 980 ## - КОЛЛЕКЦИЯ | |
| Название коллекции | Национальная библиография |
Нет доступных экземпляров.